Welcome to CU Library Online Public Access Catalogue (OPAC)

Marketing plans : (Record no. 5705)

MARC details
000 -LEADER
fixed length control field 00780cam a2200241 a 4500
001 - CONTROL NUMBER
control field 11901966
005 - DATE AND TIME OF LATEST TRANSACTION
control field 20250508141033.0
008 - FIXED-LENGTH DATA ELEMENTS--GENERAL INFORMATION
fixed length control field 000202s1999 enka 001 0 eng
020 ## - INTERNATIONAL STANDARD BOOK NUMBER
International Standard Book Number 0750641169
050 00 - LIBRARY OF CONGRESS CALL NUMBER
Classification number HF5415.13
Item number .M369183 1999
082 00 - DEWEY DECIMAL CLASSIFICATION NUMBER
Classification number 658.8/02
Edition information 21
100 1# - MAIN ENTRY--PERSONAL NAME
Personal name McDonald, Malcolm.
245 10 - TITLE STATEMENT
Title Marketing plans :
Remainder of title how to prepare them, how to use them /
Statement of responsibility, etc. Malcolm McDonald.
250 ## - EDITION STATEMENT
Edition statement 4th ed.
260 ## - PUBLICATION, DISTRIBUTION, ETC.
Place of publication, distribution, etc. Oxford ;
-- Boston :
Name of publisher, distributor, etc. Butterworth-Heinemann,
Date of publication, distribution, etc. 1999.
300 ## - PHYSICAL DESCRIPTION
Extent xviii, 578 p. :
Other physical details ill. ;
Dimensions 25 cm.
500 ## - GENERAL NOTE
General note "Published in association with the Chartered Institute of Marketing."
500 ## - GENERAL NOTE
General note Includes index.
650 #0 - SUBJECT ADDED ENTRY--TOPICAL TERM
Topical term or geographic name entry element Marketing
General subdivision Management.
650 #0 - SUBJECT ADDED ENTRY--TOPICAL TERM
Topical term or geographic name entry element Marketing
General subdivision Planning.
710 2# - ADDED ENTRY--CORPORATE NAME
Corporate name or jurisdiction name as entry element Institute of Marketing.
942 ## - ADDED ENTRY ELEMENTS (KOHA)
Source of classification or shelving scheme Library of Congress Classification
Koha item type Books
Suppress in OPAC No
999 ## -
-- 5705
-- 5705
Holdings
Withdrawn status Lost status Source of classification or shelving scheme Damaged status Not for loan Collection Home library Current library Shelving location Date acquired Total checkouts Full call number Barcode Date last seen Copy number Price effective from Koha item type
    Library of Congress Classification     Non-fiction Undergraduate Library (Christ Temple) Undergraduate Library (Christ Temple) General stacks 05/08/2025   HF5415.13 MCD ulct00002299 05/08/2025 1 05/08/2025 Books
© 2023-2024 Copyright: Central University Libraries. All Rights Reserved | Created by: Mahone Tech Office